Bài giảng lý thuyết lâm sàng ngoại
Bài giảng giới thiệu các triệu chứng lâm sàng ngoại như chấn thương sọ não, vết thương, phần mềm, ung thư đại trực tràng, sỏi niệu...
Sparad:
| Huvudupphovsman: | |
|---|---|
| Materialtyp: | Bok |
| Språk: | Undetermined |
| Publicerad: |
Cần Thơ
Trường Đại học Cần Thơ
2002
|
| Ämnen: | |
| Taggar: |
Lägg till en tagg
Inga taggar, Lägg till första taggen!
|
| Thư viện lưu trữ: | Trung tâm Học liệu Trường Đại học Cần Thơ |
|---|
| LEADER | 00799nam a2200193Ia 4500 | ||
|---|---|---|---|
| 001 | CTU_51414 | ||
| 008 | 210402s9999 xx 000 0 und d | ||
| 082 | |a 617.052 | ||
| 082 | |b D513 | ||
| 100 | |a Trần, Mạnh Dũng | ||
| 245 | 0 | |a Bài giảng lý thuyết lâm sàng ngoại | |
| 245 | 0 | |c Trần Mạnh Dũng (biên soạn) | |
| 260 | |a Cần Thơ | ||
| 260 | |b Trường Đại học Cần Thơ | ||
| 260 | |c 2002 | ||
| 520 | |a Bài giảng giới thiệu các triệu chứng lâm sàng ngoại như chấn thương sọ não, vết thương, phần mềm, ung thư đại trực tràng, sỏi niệu... | ||
| 650 | |a Medicine, preventive | ||
| 904 | |i Thùy Trang (sửa) | ||
| 980 | |a Trung tâm Học liệu Trường Đại học Cần Thơ | ||